000 00733nam a22002177a 4500
005 20251108164219.0
008 250721s1996 xx 000 0 ara d
082 1 4 _a327.17/حمد
100 1 _aالحمد، جواد
245 1 0 _aعملية السلام في الشرق الأوسط و تطبيقاتها على المسارين الفلسطيني و الأردني /
264 1 _aعمان :
_bدار البشير للنشر و التوزيع،
_c1996.
300 _a93ص
490 0 _aدراسات ؛ 18
650 1 7 _aالسلام العربي الإسرائيلي
650 1 7 _aالأردن
650 1 7 _aالمعاهدات
650 1 7 _aإسرائيل
650 1 7 _aفلسطين
942 _2ddc
_cBK
999 _c6545
_d6545